000 00387 a2200169 4500
001 52920
020 _a
040 _cAnchieta - Pituba
100 _aSILVA, Marcus Alessandro Santos
240 1 0 _a1ª História, I unidade
_lpor
245 1 0 _a1ª História, I unidade
300 _a
362 0 _a2016
440 1 _aColégio Anchieta
650 4 _aHistória do mundo
942 _cBK
999 _c52920
_d52920